Remember : an anthology /

Gorde:
Xehetasun bibliografikoak
Erakunde egilea: Adult Education Association of Victoria. Wednesday Writers
Beste egile batzuk: Purnell, Kathryn
Formatua: Liburua
Hizkuntza:English
Argitaratua: Newtown, Vic. : Neptune Press, 1984.
Gaiak:
LEADER 01042nam a2200265 4500
001 c000004136
003 CARM
005 00000000000000.0
008 840723s1984 at 00010deng d
019 1 |a 3276614  |5 LACONCORD2021 
020 |a 0949583278 :  |c price unknown 
035 |a (OCoLC)27608530  |5 LACONCORD2021 
042 |a anuc 
043 |a u-at--- 
245 0 0 |a Remember :  |b an anthology /  |c by the Wednesday Writers, Adult Education Association Melbourne ; edited by Kathryn Purnell. 
260 |a Newtown, Vic. :  |b Neptune Press,  |c 1984. 
300 |a 97 p. ;  |c 21 cm. 
650 0 |a Authors, Australian  |x Anecdotes. 
650 0 |a Children  |z Australia  |x Anecdotes. 
700 1 |a Purnell, Kathryn. 
710 2 0 |a Adult Education Association of Victoria.  |b Wednesday Writers. 
852 8 |b CARM  |h A2:AB04A0  |i B02181  |p 0088449  |f BK 
082 0 4 |a 828/.30208  |2 19 
999 f f |i 97da66d2-d46f-5cb8-855b-d8aca0093a97  |s cf12f7f1-2fda-5779-9b0e-265abbbcdb42 
952 f f |p Can circulate  |a CAVAL  |b CAVAL  |c CAVAL  |d CARM 1 Store  |e B02181  |f A2:AB04A0  |h Other scheme  |i book  |m 0088449